00199nam a2200073Ia 4500082001900000245002500019100004000044008004100084 aJ 496.3128 MAZ 0aIsisekelo ibanga 03  a MAZIBUKO, T V. Cape Town, 1992 210817s9999 xx 000 0 und d